|
|
|
|
| LEADER |
00897cam a2200217 a 4500 |
| 001 |
0000067801 |
| 005 |
20120120090000.0 |
| 040 |
|
|
|a mod
|
| 041 |
|
|
|a eng
|
| 020 |
0 |
0 |
|a 1853104531
|
| 090 |
0 |
0 |
|a 358.4
|b CHI
|e 1994
|
| 100 |
1 |
0 |
|a Chinnery
|h Philip D.
|
| 245 |
1 |
0 |
|a Any time, any place
|b fifty years of the USAF Air Commando and Special Operations forces, 1944-1994
|c Philip D. Chinnery.
|
| 260 |
0 |
0 |
|a England
|b Airlife Publ. Ltd.
|c 1994.
|
| 300 |
0 |
0 |
|a 303 p.
|b ill., maps
|c 24 cm.
|
| 500 |
0 |
0 |
|a Includes bibliographical references (p. 289) and index.
|
| 650 |
0 |
0 |
|a Special forces (Military science)
|z United States
|x History
|
| 650 |
0 |
0 |
|a United States.
|b Air Force
|x Commando troops
|x History.
|
| 852 |
0 |
0 |
|a 01
|
| 999 |
|
|
|a 0204922
|b MK Pemerintahan Medan Barat TD
|d BOOKS
|e Umum
|f Markas Medan Sg. Besi KL
|j AVAILABLE
|q GOOD CONDITION
|
| 999 |
|
|
|a 0214440
|b KEMENTAH
|d BOOKS
|e Umum
|f Perpustakaan KEMENTAH
|j AVAILABLE
|q GOOD CONDITION
|